| 000 | 00926nam a2200241 a 4500 | ||
|---|---|---|---|
| 001 | 40505 | ||
| 003 | BD-RjUL | ||
| 005 | 20211209053230.0 | ||
| 008 | 160503s1983 bg |||| 00| 0 e1 0dben | ||
| 035 | _a(BD-RjUL)40620 | ||
| 040 |
_aBD-RjUL _bben _cBD-RjUL |
||
| 041 | _aben | ||
| 082 |
_223 _a142.78 _bCHA 1983 |
||
| 100 |
_aচাকমা, নীরুকুমার _9124753 |
||
| 245 | 1 | 0 |
_aঅস্তিত্ববাদ ও ব্যক্তিস্বাধীনতা / _cনীরুকুমার চাকমা |
| 250 | _a১ম সং. | ||
| 260 |
_aঢাকা : _bবাংলা একাডেমী, _c১৯৮৩ |
||
| 300 |
_a১৬, ১৬০ পৃ. ; _c২১ সেমি. |
||
| 504 | _aগ্রন্থপঞ্জি ও নির্ঘণ্ট সংযুক্ত | ||
| 650 |
_aExistentialism. _9124758 |
||
| 650 |
_aঅস্তিত্ববাদ . _9124759 |
||
| 942 |
_2ddc _cBK |
||
| 999 |
_c40505 _d40505 |
||